000 00340nam a22001217a 4500
008 180427b xxu||||| |||| 00| 0 eng d
041 _aeng
080 _a043.3
100 _a0
101 _aSHKI-MTH
245 _aAplikimi i metodave të Intelegjencës Artificiale për parashikimin e hershëm të diabetit
_cPërvetica,N
942 _2udc
_cBK
999 _c45623
_d45623